00619nam a2200157Ia 4500008004100000020001800041082001800059100002800077245009400105260003500199300001100234650007000245700003700315952009200352999001700444120622s9999 xx 000 0 und d a968-444-197-5 a338.972 P978m aPuga Espinosa, Cristina aMéxico la modernización contradictoria / Cristina Puga Espinosa, David Torres Mejía aMéxico : Pearson Educación a196 p. a1. MEXICO - POLITICA ECONOMICA \ 2. MEXICO - CONDICIONES SOCIALES aTorres Mejía, David, coaut.Ì 00104070a22b22d2007-01-25l0o338.972 P978Mp01 007939r2012-06-24w2012-06-24yLB c55372d55372